| 000 | 00393nam a2200169Ia 4500 | ||
|---|---|---|---|
| 005 | 20240909055954.0 | ||
| 008 | 240331s9999 xx 000 0 und d | ||
| 082 |
_bHEA _a613.042 |
||
| 100 | _aTalks,S | ||
| 245 | 0 |
_aHealth andeducation : _bsmall talks |
|
| 260 |
_aNew York _bCARE _c1984 |
||
| 300 | _a199 p ., | ||
| 650 | _aWomen | ||
| 650 | _aHealth | ||
| 650 | _aChild Health | ||
| 942 | _cL | ||
| 999 |
_c3000 _d3000 |
||